01459nam a2200349 a 4500001001000000003000500010005001700015008004100032010001100073011001100084040000900095090001000104100003500114245013500149260004000284500006000324502009800384590003700482590004000519590004000559650003900599650003400638650003300672856001600705856007000721901000700791942001000798942000600808999001900814952014000833952013600973000113015CHAP20220329144333.0170315s2016 mx sm |||||||spa d a109476 a110448 cCHAP aTesis1 aAriza Noriega, Michael913174310aHuella hídrica del cultivo de cebolla (Allium cepa L.) del DR-005, Delicias, Chihuahuah[En línea]cpor Michael Ariza Noriega. aDurango, Méx. :bEl autor,c2016. aPara ver el contenido del material haga clic en la liga aTesis (Ing. en Sistemas Agrícolas) -- UACH. Unidad Regional Universitaria de Zonas Áridas aBATCHb00c20181121lUCH01h0758 aE5765TAJb05c20170315lUCH01h1154 aE5765TAJb05c20170315lUCH01h115414aCebollaxFechas de siembra.92077014aCebollaxIrrigación.92078114aCebollaxRendimiento.920801 a1 n0000527 aFinding aiduhttp://10.13.5.2/tesis/sist113015.pdfzTeclea aquí aBK cTESIS n0 c109476d109476 00102local4053708TESISaBCbBCcPA_TESISd2017-03-20fTESISl0oTesisp33724002530496r2019-12-31 00:00:00tc.2w2019-12-31yTESIS 00104054718TESISaBCbBCd2017-03-20fTESISl0oTesisp33724002530538r2019-12-31 00:00:00w2019-12-31yTESISzRecien adquirido